|
|
|
|
| LEADER |
00885nam a22002412a 4500 |
| 001 |
001217520 |
| 003 |
CZ BrMZK |
| 005 |
20121112135859.0 |
| 007 |
ta |
| 008 |
120529s1975 xr er 000 0 cze d |
| 040 |
|
|
|a BOA001
|b cze
|
| 041 |
0 |
|
|a cze
|a eng
|a slo
|
| 100 |
1 |
|
|a Svatoň, Miloš
|7 mzk2009544275
|4 aut
|
| 245 |
1 |
0 |
|a Česko-anglický a slovensko-anglický odborný slovník z oboru papíru a celulózy /
|c Miloš Svatoň
|
| 260 |
|
|
|a Praha :
|b Státní nakladatelství technické literatury,
|c 1975
|
| 300 |
|
|
|a 231 s.
|
| 550 |
|
|
|a Vydavatel: Průmysl papíru a celulózy
|
| 710 |
2 |
|
|a Průmysl papíru a celulózy Praha (firma)
|7 ko2003174550
|
| 787 |
0 |
8 |
|i Samost. příl. seriálu:
|t Papír a celulóza,
|g 1975-1976
|
| 910 |
|
|
|a BOA001
|b 2-0757.953
|
| 990 |
|
|
|a BK
|
| 991 |
|
|
|b 201205
|
| 996 |
7 |
|
|b 2619532257
|c 2-0757.953
|l MZK
|r Sklad / do 1 hodiny
|n 0
|w 001251223
|u 000010
|a 1
|e BOA001
|j MZK50
|s A
|